000 00448nam a2200181Ia 4500
008 151018s9999 xx 000 0 und d
082 _bRBASDV38379
_a824
100 _aAmlan Datta
245 _aOn the edge of a century
250 _b1
260 _bSubarnlekha
_c1999
300 _a148
600 _aAmlan Datta
630 _aOn the edge of a century
700 _aAmlan Datta
730 _aOn the edge of a century
942 _cBOOK
999 _c1037784
_d1037781